| 000 | 00770nam a2200241 i 4500 | ||
|---|---|---|---|
| 001 | 85642 | ||
| 003 | ES-MaACL | ||
| 005 | 20250927162917.0 | ||
| 007 | t| | ||
| 008 | 041130s1968 sp ||||1| spa d | ||
| 100 | 1 |
_aJulien, Claude, _d1925-2005 _967245 |
|
| 245 | 1 | 3 |
_aEl imperio americano / _cClaude Julien ; [traducido por: Esteban Riambau]. |
| 250 | _a[1ª ed.]. | ||
| 260 |
_aBarcelona : _bGrijalbo, _c1968. |
||
| 300 |
_a442 p. ; _c21 cm. |
||
| 490 | 1 | _aColección "Norte" | |
| 651 | 4 |
_aEstados Unidos- _xHistoria- _yS.XX. _98547 |
|
| 651 | 0 | 4 |
_aEstados Unidos- _xCivilización _98535 |
| 700 | 1 |
_aRiambau, Esteve, _d1925-1994 _9156353 |
|
| 830 | 0 |
_aColección "Norte" _9184640 |
|
| 852 |
_aES-MaACL _jC-49915 _bR.69265 |
||
| 999 |
_c85642 _d85642 |
||